มุมมองปกติ
มุมมองแบบ MARC
- Somdet Phrayanasangwon (Suk),
รายการ Personal Name
001 - CONTROL NUMBER
- control field: 32708
003 - CONTROL NUMBER IDENTIFIER
- control field: NALT
005 - DATE AND TIME OF LATEST TRANSACTION
- control field: 20240130100359.0
008 - FIXED-LENGTH DATA ELEMENTS
- fixed length control field: 181105|| aca||aabn | a|a d
040 ## - CATALOGING SOURCE
- Original cataloging agency: NALT
100 14 - HEADING--PERSONAL NAME
- Personal name: Somdet Phrayanasangwon (Suk),
- Dates associated with a name: 1733-1822
